[Event "AUT-ch (Women)"]
[Site "Mureck"]
[Date "2001.08.18"]
[Round "10"]
[White "Krasser, Margit"]
[Black "Hapala, Michaela"]
[Result "1/2-1/2"]
[WhiteElo "2095"]
[BlackElo "2008"]
[PlyCount "143"]
[EventDate "2001.08.05"]
[EventType "tourn"]
[EventRounds "11"]
[EventCountry "AUT"]
[SourceTitle "CBM 083 Extra"]
[Source "ChessBase"]
[SourceDate "2001.09.11"]
[SourceVersion "1"]
[SourceVersionDate "2001.09.11"]
[SourceQuality "1"]

1. c4 Nf6 2. Nc3 d5 3. cxd5 Nxd5 4. g3 c6 5. Bg2 Nxc3 6. bxc3 g6 7. Nf3 Bg7 8. 0-0 0-0 9. Qb3 Nd7 10. Ba3 Nb6 11. Rad1 Qc7 12. d3 h6 13. c4 Re8 14. Rb1 e5 15. e4 c5 16. Qb5 Nd7 17. Bh3 b6 18. Bc1 Nf6 19. Bg2 Rd8 20. Qb3 Be6 21. Bb2 Nh5 22. Qc3 Re8 23. a4 Rad8 24. Rfd1 g5 25. Ne1 f5 26. exf5 Bxf5 27. Be4 Bxe4 28. dxe4 Qc6 29. Qc2 Nf6 30. f3 Qe6 31. Rd3 g4 32. Rbd1 Rxd3 33. Qxd3 Re7 34. Qd8+ Kh7 35. Rd6 Qf7 36. Qc8 gxf3 37. Qf5+ Qg6 38. Qxg6+ Kxg6 39. Nxf3 Kh7 40. Nd2 Ne8 41. Rd8 Nc7 42. Nf3 Ne6 43. Rd5 Nd4 44. Kg2 Bf6 45. a5 Nc2 46. Kf2 Nb4 47. Rd6 bxa5 48. Ke2 Kg7 49. h4 h5 50. Ng5 Bxg5 51. hxg5 a4 52. Kd2 Kf8 53. Rd8+ Kf7 54. Rc8 Rd7+ 55. Ke2 Kg6 56. Bxe5 Kxg5 57. Rxc5 Kg4 58. Bf4 Nd3 59. Rg5+ Kh3 60. Rxh5+ Kg2 61. Ra5 Nb2 62. c5 Rd4 63. e5 Re4+ 64. Kd2 Nc4+ 65. Kd3 Rxf4 66. gxf4 Nxa5 67. e6 Nc6 68. Kc3 Kf3 69. f5 Ne7 70. c6 Nxf5 71. Kb4 Ne7 72. Kxa4 1/2-1/2

[Event "AUT-ch (Women)"]
[Site "Mureck"]
[Date "2001.08.14"]
[Round "7"]
[White "Krasser, Margit"]
[Black "Schwaninger, Ulrike"]
[Result "0-1"]
[WhiteElo "2095"]
[BlackElo "2045"]
[PlyCount "92"]
[EventDate "2001.08.05"]
[EventType "tourn"]
[EventRounds "11"]
[EventCountry "AUT"]
[SourceTitle "CBM 083 Extra"]
[Source "ChessBase"]
[SourceDate "2001.09.11"]
[SourceVersion "1"]
[SourceVersionDate "2001.09.11"]
[SourceQuality "1"]

1. d4 Nf6 2. Nf3 d5 3. e3 Bg4 4. Nbd2 e6 5. c3 Nbd7 6. Qb3 Qc8 7. Ne5 Nxe5 8. dxe5 Nd7 9. Qa4 Bh5 10. h4 h6 11. Bd3 c6 12. f4 Nc5 13. Qc2 Nxd3+ 14. Qxd3 Bg6 15. Qe2 h5 16. Nf3 b5 17. Bd2 a5 18. Kf2 Qb7 19. Rac1 Be7 20. Ng5 Bf5 21. g3 f6 22. Nf3 Bg4 23. Qd3 Bf5 24. Qf1 c5 25. b3 Be4 26. exf6 gxf6 27. Qe2 Kf7 28. Rhg1 Rag8 29. Be1 c4 30. Nd2 Bf5 31. Qf3 Bg4 32. Qg2 Bc5 33. Nf3 Qb6 34. Bd2 Bf5 35. Nd4 Be4 36. Qf1 Bd3 37. Qd1 Ke7 38. g4 hxg4 39. Rxg4 e5 40. Rxg8 Rxg8 41. fxe5 fxe5 42. Nf3 Qf6 43. b4 axb4 44. cxb4 Bb6 45. Bc3 Qf4 46. Bd4 Qg3# 0-1

[Event "AUT-ch (Women)"]
[Site "Mureck"]
[Date "2001.08.12"]
[Round "5"]
[White "Krasser, Margit"]
[Black "Mira, Helene"]
[Result "1/2-1/2"]
[WhiteElo "2095"]
[BlackElo "2122"]
[PlyCount "119"]
[EventDate "2001.08.05"]
[EventType "tourn"]
[EventRounds "11"]
[EventCountry "AUT"]
[SourceTitle "CBM 083 Extra"]
[Source "ChessBase"]
[SourceDate "2001.09.11"]
[SourceVersion "1"]
[SourceVersionDate "2001.09.11"]
[SourceQuality "1"]

1. d4 g6 2. Nf3 Bg7 3. c3 Nf6 4. Bf4 d6 5. Na3 0-0 6. Qc1 Re8 7. g3 Ne4 8. Bg2 f5 9. Bh6 e5 10. Bxg7 Kxg7 11. dxe5 dxe5 12. Nc4 Qf6 13. Qe3 Nd7 14. Nfd2 Nxd2 15. Qxd2 e4 16. Rd1 Nb6 17. Nxb6 axb6 18. b3 Ra5 19. 0-0 Rae5 20. e3 Rc5 21. c4 b5 22. Qb4 Qe5 23. cxb5 Rxb5 24. Qd2 Be6 25. Rc1 c6 26. Rfd1 Re7 27. Bf1 Rd7 28. Qc2 Rbd5 29. Rxd5 Bxd5 30. Rd1 g5 31. b4 f4 32. exf4 gxf4 33. Qe2 Kf6 34. Qg4 Rg7 35. Qh4+ Kf7 36. Qd8 e3 37. Qd7+ Kf6 38. Qd8+ Qe7 39. Qxe7+ Rxe7 40. fxe3 fxg3 41. hxg3 Rxe3 42. Kh2 Ra3 43. Rd4 Rxa2+ 44. Kg1 Ke5 45. Rh4 Be4 46. Rh5+ Kd4 47. Ra5 Rxa5 48. bxa5 Bd3 49. Bh3 Kc4 50. Kf2 Kb5 51. Bc8 Ka6 52. Ke3 Bg6 53. Kd4 Kxa5 54. Bxb7 Kb5 55. Bc8 c5+ 56. Kc3 c4 57. Be6 Bd3 58. Bg8 Kc5 59. Bf7 h6 60. Bg8 1/2-1/2

[Event "Ybbs op"]
[Site "Ybbs"]
[Date "2001.??.??"]
[Round "3"]
[White "Krasser, Margit"]
[Black "Wadsack, Winfried"]
[Result "1/2-1/2"]
[WhiteElo "2095"]
[BlackElo "2113"]
[PlyCount "48"]
[EventDate "2001.??.??"]
[EventType "swiss"]
[EventRounds "5"]
[EventCountry "AUT"]
[SourceTitle "EXT 2003"]
[Source "ChessBase"]
[SourceDate "2002.11.25"]
[SourceVersion "1"]
[SourceVersionDate "2002.11.25"]
[SourceQuality "1"]

1. d4 d5 2. e3 Nf6 3. Bd3 e6 4. Nd2 Nbd7 5. Ngf3 c5 6. c3 Bd6 7. 0-0 0-0 8. Re1 Re8 9. e4 dxe4 10. Nxe4 Nxe4 11. Bxe4 f5 12. Bg5 Nf6 13. Bc2 h6 14. Bxf6 Qxf6 15. Qd3 b6 16. Rad1 Bb7 17. Bb3 Kh7 18. Qe2 Be4 19. Nd2 Bd5 20. Bxd5 exd5 21. Qf3 cxd4 22. cxd4 Bb4 23. Rxe8 Rxe8 24. Nf1 Re4 1/2-1/2

[Event "Ybbs op"]
[Site "Ybbs"]
[Date "2001.??.??"]
[Round "4"]
[White "Todor, Razvan"]
[Black "Krasser, Margit"]
[Result "1-0"]
[WhiteElo "2211"]
[BlackElo "2095"]
[PlyCount "63"]
[EventDate "2001.??.??"]
[EventType "swiss"]
[EventRounds "5"]
[EventCountry "AUT"]
[SourceTitle "EXT 2003"]
[Source "ChessBase"]
[SourceDate "2002.11.25"]
[SourceVersion "1"]
[SourceVersionDate "2002.11.25"]
[SourceQuality "1"]

1. d4 d5 2. Nf3 e6 3. c4 c6 4. Nc3 Bd6 5. e4 dxe4 6. Nxe4 Bc7 7. Bd3 Nf6 8. 0-0 Nxe4 9. Bxe4 Nd7 10. Bg5 Nf6 11. Bc2 h6 12. Bh4 g5 13. Bg3 Ng4 14. Bxc7 Qxc7 15. h3 Nf6 16. Ne5 Nd7 17. Nd3 Qd6 18. d5 cxd5 19. cxd5 Qxd5 20. Bb3 Qd4 21. Rc1 Ne5 22. Nxe5 Qxe5 23. Re1 Qf6 24. Ba4+ Kf8 25. Re3 Kg7 26. Rc7 Rf8 27. Qd3 Rd8 28. Qe2 Qf4 29. Qc2 b6 30. Qc3+ Qf6 31. Qc6 Bd7 32. Rxd7 1-0

[Event "Olympiad Women-34"]
[Site "Istanbul"]
[Date "2000.10.29"]
[Round "2.3"]
[White "Aginian, Nelly"]
[Black "Krasser, Margit"]
[Result "1/2-1/2"]
[WhiteElo "2205"]
[BlackElo "2061"]
[PlyCount "67"]
[EventDate "2000.10.28"]
[EventType "team-swiss"]
[EventRounds "14"]
[EventCountry "TUR"]
[SourceTitle "EXT 2001"]
[Source "ChessBase"]
[SourceDate "2000.11.22"]
[SourceVersion "1"]
[SourceVersionDate "2000.11.22"]
[SourceQuality "1"]
[WhiteTeam "Armenia (W)"]
[BlackTeam "Austria (W)"]
[WhiteTeamCountry "ARM"]
[BlackTeamCountry "AUT"]

1. e4 d5 2. exd5 Nf6 3. d4 Nxd5 4. c4 Nb6 5. Nf3 Nc6 6. c5 Nd7 7. Bc4 Nf6 8. h3 g6 9. Nc3 Bg7 10. 0-0 0-0 11. Re1 Na5 12. Bf1 a6 13. Bf4 Re8 14. b4 Nc6 15. Bc4 e6 16. a3 Ne7 17. Ne5 Nf5 18. d5 exd5 19. Nxd5 Be6 20. Nxf6+ Bxf6 21. Qxd8 Raxd8 22. Rac1 Bxc4 23. Nxc4 Rxe1+ 24. Rxe1 Rd4 25. Be5 Bxe5 26. Nxe5 f6 27. Nf3 Rd3 28. Re8+ Kf7 29. Rb8 b6 30. cxb6 cxb6 31. Rb7+ Ne7 32. Rxb6 Rxa3 33. b5 axb5 34. Rxb5 1/2-1/2

[Event "AUT-ch (Women)"]
[Site "Vienna"]
[Date "1999.??.??"]
[Round "10"]
[White "Sommer, Sonja"]
[Black "Krasser, Margit"]
[Result "1-0"]
[WhiteElo "2056"]
[BlackElo "2180"]
[PlyCount "138"]
[EventDate "1999.??.??"]
[EventType "tourn"]
[EventRounds "13"]
[EventCountry "AUT"]
[SourceTitle "EXT 2001"]
[Source "ChessBase"]
[SourceDate "2000.11.22"]
[SourceVersion "1"]
[SourceVersionDate "2000.11.22"]
[SourceQuality "1"]

1. e4 d5 2. exd5 Nf6 3. d4 Nxd5 4. c4 Nb6 5. Nf3 g6 6. Nc3 Bg7 7. c5 N6d7 8. Bc4 0-0 9. 0-0 h6 10. Re1 Nc6 11. Bf4 e5 12. Nxe5 Ncxe5 13. dxe5 Nxc5 14. Qc2 Bf5 15. Qc1 g5 16. Bg3 c6 17. Qe3 Qe7 18. b4 Ne6 19. a3 Rfd8 20. Rad1 a5 21. Rd6 axb4 22. axb4 Ra3 23. Red1 Rxd6 24. exd6 Qd7 25. Be5 b5 26. Bxg7 Nxg7 27. Be2 Ne6 28. Qe5 Nf4 29. Bf1 Qe6 30. Qxe6 Nxe6 31. Ne2 Rd3 32. Rxd3 Bxd3 33. d7 Nd8 34. Nd4 Bxf1 35. Kxf1 f6 36. Ke2 Kf7 37. Nf5 h5 38. g3 Ke6 39. Ng7+ Kxd7 40. Nxh5 Ke6 41. h3 Kf5 42. g4+ Kg6 43. Kd3 Ne6 44. Ke4 Kf7 45. f4 Nc7 46. Kd4 Na6 47. Kc3 Ke6 48. Ng7+ Kd5 49. fxg5 fxg5 50. Nf5 Ke4 51. h4 gxh4 52. Nxh4 Nc7 53. Nf5 Nd5+ 54. Kb3 Ke5 55. Ka3 Nf6 56. Ne7 Kd6 57. Nf5+ Ke6 58. Nd4+ Kd5 59. g5 Ne4 60. Nf3 Nd6 61. Kb3 Ke4 62. Nh4 Nf5 63. Nxf5 Kxf5 64. Kc3 Kxg5 65. Kd4 Kf6 66. Kc5 Ke7 67. Kxc6 Kd8 68. Kxb5 Kc8 69. Kb6 Kb8 1-0

[Event "Vienna Donau op"]
[Site "Vienna"]
[Date "1999.??.??"]
[Round "?"]
[White "Weinzettl, Ernst"]
[Black "Krasser, Margit"]
[Result "1-0"]
[WhiteElo "2420"]
[BlackElo "2180"]
[PlyCount "55"]
[EventDate "1999.??.??"]
[EventType "swiss"]
[EventRounds "9"]
[EventCountry "AUT"]
[SourceTitle "EXT 2003"]
[Source "ChessBase"]
[SourceDate "2002.11.25"]
[SourceVersion "1"]
[SourceVersionDate "2002.11.25"]
[SourceQuality "1"]

1. e4 d5 2. exd5 Nf6 3. c4 e6 4. Qa4+ Bd7 5. Qb3 exd5 6. cxd5 Qe7+ 7. Be2 Qb4 8. Nc3 Qxb3 9. axb3 Bc5 10. Nf3 0-0 11. d4 Bb4 12. 0-0 Bxc3 13. bxc3 Nxd5 14. Bd2 Re8 15. Bc4 Nb6 16. Bd3 Nc6 17. Ng5 f5 18. f4 h6 19. Nf3 Rad8 20. Ne5 Nxe5 21. fxe5 a6 22. c4 Bc8 23. Bc3 g6 24. Rad1 Kh7 25. d5 Nd7 26. e6 Nc5 27. Bc2 c6 28. g4 1-0

[Event "Donau op"]
[Site "Vienna"]
[Date "1998.??.??"]
[Round "9"]
[White "Kreindl, Helmut"]
[Black "Krasser, Margit"]
[Result "1/2-1/2"]
[WhiteElo "2270"]
[BlackElo "2180"]
[PlyCount "73"]
[EventDate "1998.05.??"]
[EventType "swiss"]
[EventRounds "9"]
[EventCountry "AUT"]
[SourceTitle "EXT 2000"]
[Source "ChessBase"]
[SourceDate "1999.11.16"]
[SourceVersion "1"]
[SourceVersionDate "1999.11.16"]
[SourceQuality "1"]

1. e4 d5 2. exd5 Qxd5 3. d4 c6 4. Nc3 Qa5 5. Nf3 Nf6 6. Bd2 Bg4 7. Be2 Nbd7 8. Ne4 Qb6 9. Nxf6+ Nxf6 10. c3 Ne4 11. Bc1 Rd8 12. Ne5 Bxe2 13. Qxe2 Nf6 14. 0-0 Nd7 15. Nc4 Qc7 16. g3 e6 17. Bf4 Qc8 18. Nd6+ Bxd6 19. Bxd6 Nf6 20. Ba3 h5 21. f4 Kd7 22. Qe5 Qc7 23. Qg5 Rh7 24. f5 Re8 25. Rae1 Kc8 26. fxe6 fxe6 27. Re5 Qd7 28. h3 Rh6 29. Rfe1 Qf7 30. Qf4 Rg6 31. Rg5 Rxg5 32. Qxg5 Nh7 33. Qe5 Qg6 34. Rf1 h4 35. g4 Ng5 36. Kg2 Qd3 37. Qxg5 1/2-1/2